| 000 | 00747cam a2200253 4500 | ||
|---|---|---|---|
| 001 | L159557 | ||
| 008 | 170907n2017 000 0 eng u | ||
| 020 | _a9782884320795 | ||
| 035 | _a(Sirsi) u159557 | ||
| 041 | 0 | _aeng | |
| 050 |
_a624.08 _c18 |
||
| 110 |
_aFederation Internationale des Ingenieurs-Conseils _9764 |
||
| 245 | _aModel Joint Venture (Consortium) Agreement between consultants | ||
| 250 | _a2nd ed | ||
| 260 |
_aLausanne _bFIDIC _c2017 |
||
| 300 |
_a24p _c30cm. |
||
| 520 | _aProvides a model agreement for use with joint ventures between consultants. | ||
| 590 | _aNTK | ||
| 650 | _aENGINEERING CONTRACTS | ||
| 650 | _aINTERNATIONAL CONTRACTS | ||
| 651 | 4 | _aInternational | |
| 690 |
_aContracts _96232 |
||
| 942 | _n0 | ||
| 999 |
_c115997 _d115997 |
||